Особенности фонетической системы "островного" говора российских немцев Сибири; Известия Томского политехнического университета [Известия ТПУ]; Т. 310, № 3
| Parent link: | Известия Томского политехнического университета [Известия ТПУ]/ Томский политехнический университет (ТПУ).— , 2000- Т. 310, № 3.— 2007.— [С. 157-160] |
|---|---|
| Glavni autor: | |
| Sažetak: | Заглавие с титульного листа Электронная версия печатной публикации Впервые дается целостное описание фонетического строя немецкого "островного" говора с. Кожевниково Томской области. Автор моделирует консонантную и вокалическую подсистемы исчезающей формы языка, сравнивает их со звуковыми особенностями современного немецкого литературного языка и рассматривает их с точки зрения особенностей исторического развития диалектов Германии. |
| Jezik: | ruski |
| Izdano: |
2007
|
| Serija: | Философия, социология и культурология |
| Teme: | |
| Online pristup: | http://www.lib.tpu.ru/fulltext/v/Bulletin_TPU/2007/v310/i3/36.pdf |
| Format: | Elektronički Poglavlje knjige |
| KOHA link: | https://koha.lib.tpu.ru/cgi-bin/koha/opac-detail.pl?biblionumber=172282 |
MARC
| LEADER | 00000nla2a2200000 4500 | ||
|---|---|---|---|
| 001 | 172282 | ||
| 005 | 20231031164236.0 | ||
| 035 | |a (RuTPU)RU\TPU\book\186816 | ||
| 035 | |a RU\TPU\book\186803 | ||
| 090 | |a 172282 | ||
| 100 | |a 20091211d2007 k y0rusy50 ca | ||
| 101 | 0 | |a rus | |
| 102 | |a RU | ||
| 135 | |a drnn ---uucaa | ||
| 181 | 0 | |a i | |
| 182 | 0 | |a b | |
| 200 | 1 | |a Особенности фонетической системы "островного" говора российских немцев Сибири |b Электронный ресурс |f О. А. Александров | |
| 203 | |a Текст |c электронный | ||
| 215 | |a 1 файл (174 Кб) | ||
| 225 | 1 | |a Философия, социология и культурология | |
| 230 | |a Электронные текстовые данные (1 файл : 174 Кб) | ||
| 300 | |a Заглавие с титульного листа | ||
| 300 | |a Электронная версия печатной публикации | ||
| 320 | |a [Библиогр.: с. 160 (7 назв.)] | ||
| 330 | |a Впервые дается целостное описание фонетического строя немецкого "островного" говора с. Кожевниково Томской области. Автор моделирует консонантную и вокалическую подсистемы исчезающей формы языка, сравнивает их со звуковыми особенностями современного немецкого литературного языка и рассматривает их с точки зрения особенностей исторического развития диалектов Германии. | ||
| 337 | |a Adobe Reader | ||
| 461 | 1 | |0 (RuTPU)RU\TPU\book\176237 |t Известия Томского политехнического университета [Известия ТПУ] |f Томский политехнический университет (ТПУ) |d 2000- | |
| 463 | 1 | |0 (RuTPU)RU\TPU\book\186734 |x 1684-8519 |t Т. 310, № 3 |v [С. 157-160] |d 2007 |p 280 с. | |
| 610 | 1 | |a фонетическая система | |
| 610 | 1 | |a говоры | |
| 610 | 1 | |a российские немцы | |
| 610 | 1 | |a Сибирь | |
| 610 | 1 | |a фонетический строй | |
| 610 | 1 | |a Кожевниково | |
| 610 | 1 | |a Томская область | |
| 610 | 1 | |a консонантная подсистема | |
| 610 | 1 | |a вокалическая подсистема | |
| 610 | 1 | |a языки | |
| 610 | 1 | |a звуковые особенности | |
| 610 | 1 | |a немецкий литературный язык | |
| 610 | 1 | |a историческое развитие | |
| 610 | 1 | |a диалекты | |
| 610 | 1 | |a Германия | |
| 610 | 1 | |a труды учёных ТПУ | |
| 610 | 1 | |a электронный ресурс | |
| 700 | 1 | |a Александров |b О. А. |c лингвист |c доцент Томского политехнического университета, кандидат филологических наук |f 1979- |g Олег Анатольевич |2 stltpush |3 (RuTPU)RU\TPU\pers\24739 | |
| 801 | 1 | |a RU |b 63413507 |c 20090623 |g PSBO | |
| 801 | 2 | |a RU |b 63413507 |c 20211115 |g PSBO | |
| 856 | 4 | |u http://www.lib.tpu.ru/fulltext/v/Bulletin_TPU/2007/v310/i3/36.pdf | |
| 942 | |c CF | ||